| 000 | 00878cam a2200313 a 4500 | ||
|---|---|---|---|
| 001 | 108252 | ||
| 003 | ARRUPE | ||
| 005 | 20160811113624.0 | ||
| 008 | 821018s1982 nyu b 001 0 eng | ||
| 010 | _a 81084738 | ||
| 020 | _a0853456011 | ||
| 020 | _a085345602X (pbk.) | ||
| 035 | _a(OCoLC)8906780 | ||
| 035 | _a(OCoLC)ocm08906780 | ||
| 035 | _a(CStRLIN)NYCG82-B50944 | ||
| 035 | _a(NNC)108252 | ||
| 040 | _cArrupe | ||
| 050 | 0 |
_aHG3881 _b.P37 1982 |
|
| 082 | 0 |
_a332.1/532 _219 |
|
| 090 |
_aHG3881 _b.P37 1982 |
||
| 100 | 1 |
_aPayer, Cheryl, _d1940- _924787 |
|
| 245 | 1 | 4 |
_aThe World Bank : _ba critical analysis / _cCheryl Payer. |
| 260 |
_aNew York : _bMonthly Review Press, _cc1982. |
||
| 300 |
_a414 p. ; _c21 cm. |
||
| 504 | _aIncludes bibliographical references and index. | ||
| 610 | 2 | 0 |
_aWorld Bank. _910370 |
| 942 |
_2lcc _cMONOGRAPH |
||
| 999 |
_c124911 _d124911 |
||